La Natura i l'història : lliçons professades als cursos monogràfics d'alts estudis i d'intercanvi / per Pere Dorado Montero lliçons professades als cursos monogràfics d'alts estudis i d'intercanvi / per Pere Dorado Montero
Descripción Física:
179 p. ; 23 cm
Materias:
Filosofia de la natura
MARC
| LEADER | 00000nam a2200000Ia 4500 | ||
|---|---|---|---|
| 001 | 756 | ||
| 008 | 160829s1917 xx 000 0 cat d | ||
| 710 | 2 | |a Institut d'Estudis Catalans |9 52284 | |
| 952 | |0 0 |1 0 |4 0 |6 F15 |7 1 |9 43004 |a Arxiu |b Arxiu |d 2016-12-01 |l 0 |o F-1-5 |p 756 |r 2016-12-01 00:00:00 |w 2016-12-01 |y ARXIU | ||
| 999 | |c 45547 |d 45547 | ||
| 080 | |a F-1-5 | ||
| 100 | |a Dorado Montero, Pedro |9 24157 | ||
| 245 | |a La Natura i l'història : |b lliçons professades als cursos monogràfics d'alts estudis i d'intercanvi / per Pere Dorado Montero | ||
| 260 | |a Barcelona : |b Institut d'Estudis Catalans, |c 1917 | ||
| 300 | |a 179 p. ; |c 23 cm | ||
| 490 | |a Biblioteca filosòfica : filosofia, psicologia, història de la filosofia ; 2 | ||
| 650 | |a Filosofia de la natura |9 24158 | ||
| 901 | |a Arxiu | ||
| 942 | |n 1 |2 udc | ||